[Event "Isle of Man Open"]
[Site "Douglas"]
[Date "28.10.2018"]
[Round "9.53"]
[White "Gavilan Diaz, Mario"]
[Black "Soumya, Swaminathan"]
[Result "0-1"]
[WhiteTitle "FM"]
[BlackTitle "WGM"]
[WhiteElo "2334"]
[BlackElo "2423"]
[WhiteFideId "2260905"]
[BlackFideId "5016193"]
[EventDate "2018.10.20"]

1. d4 d5 2. c4 c6 3. Nf3 Nf6 4. Nc3 e6 5. Bg5 h6 6. Bxf6 Qxf6 7. Qc2 Nd7 8. e4
Qg6 9. Bd3 Qxg2 10. Ke2 dxc4 11. Bxc4 e5 12. h4 Qg4 13. h5 Qf4 14. Qd2 Qxd2+ 15.
Kxd2 exd4 16. Nxd4 Ne5 17. Bb3 Bc5 18. Nce2 Bg4 19. f4 Nf3+ 20. Kc3 O-O-O 21.
Nxf3 Bxf3 22. Rh2 Bxe4 23. Bxf7 b5 24. Rh3 Bf5 25. Rg3 Be7 26. Re3 Bf6+ 27. Kb3
Rd2 28. Nc3 Bc2+ 29. Ka3 a5 30. b4 c5 0-1

[Event "Isle of Man Open"]
[Site "Douglas"]
[Date "28.10.2018"]
[Round "9.54"]
[White "Munguntuul, Batkhuyag"]
[Black "Dubinski, Mateusz"]
[Result "1-0"]
[WhiteTitle "IM"]
[BlackTitle "FM"]
[WhiteElo "2422"]
[BlackElo "2327"]
[WhiteFideId "4900758"]
[BlackFideId "1125923"]
[EventDate "2018.10.20"]

1. e4 e5 2. Nf3 Nc6 3. Bb5 a6 4. Ba4 d6 5. d4 b5 6. Bb3 Nxd4 7. Nxd4 exd4 8. c3
dxc3 9. Qh5 Qe7 10. Nxc3 Nf6 11. Qe2 Qd8 12. Bg5 Be7 13. e5 dxe5 14. Rd1 Bd7 15.
Qxe5 O-O 16. O-O h6 17. Bh4 Bd6 18. Qd4 Be6 19. Ne4 Be7 20. Qe3 Nd7 21. Bxe6
fxe6 22. Nc5 Bxh4 23. Nxd7 Rf5 24. Qxe6+ Rf7 25. Ne5 Qe7 26. Qxf7+ Qxf7 27. Nxf7
Kxf7 28. Rd7+ Kg6 29. Rxc7 Bf6 30. b3 a5 31. a4 bxa4 32. bxa4 Rd8 33. Rc5 1-0

[Event "Isle of Man Open"]
[Site "Douglas"]
[Date "28.10.2018"]
[Round "9.55"]
[White "Fenil, Shah"]
[Black "Agrest, Inna"]
[Result "1-0"]
[WhiteTitle "IM"]
[BlackTitle "WIM"]
[WhiteElo "2411"]
[BlackElo "2283"]
[WhiteFideId "5019850"]
[BlackFideId "1708830"]
[EventDate "2018.10.20"]

1. d4 Nf6 2. Bf4 g6 3. Nc3 d5 4. Qd2 Bg7 5. Bh6 O-O 6. Bxg7 Kxg7 7. O-O-O c6 8.
f3 b5 9. e4 b4 10. e5 Nfd7 11. Nce2 Qa5 12. Kb1 Nb6 13. Nc1 Nc4 14. Qe1 Na6 15.
h4 h5 16. g4 Rh8 17. gxh5 Rxh5 18. Nge2 Rb8 19. Nb3 Qd8 20. e6 Qd6 21. Ng3 Rh6
22. exf7 Qe6 23. h5 g5 24. Bd3 Qxe1 25. Rdxe1 Kxf7 26. Bg6+ Kf6 27. f4 g4 28.
Re2 Nc7 29. Rhe1 e6 30. Nf1 Bd7 31. Nh2 Rxg6 32. hxg6 g3 33. Nc5 Be8 34. Ng4+
Kxg6 35. Ne5+ Nxe5 36. Rxe5 g2 37. Rg5+ Kf6 38. Rxg2 Rb5 39. Rh1 Ke7 40. Rh7+
Kd8 41. Rgg7 1-0

[Event "Isle of Man Open"]
[Site "Douglas"]
[Date "28.10.2018"]
[Round "9.56"]
[White "Eggleston, David J"]
[Black "Pranav, Anand"]
[Result "1-0"]
[WhiteTitle "IM"]
[BlackTitle "FM"]
[WhiteElo "2406"]
[BlackElo "2269"]
[WhiteFideId "412120"]
[BlackFideId "46626786"]
[EventDate "2018.10.20"]

1. d4 Nf6 2. Nf3 e6 3. Bf4 d5 4. e3 Bd6 5. Bg3 O-O 6. c3 c5 7. Nbd2 Qc7 8. Ne5
Nc6 9. f4 Ne4 10. Nxe4 dxe4 11. Nc4 f5 12. Nxd6 Qxd6 13. Be2 cxd4 14. cxd4 Bd7
15. O-O Ne7 16. Bf2 Bc6 17. a3 Bd5 18. Qa4 Qb6 19. b4 a5 20. b5 Qd6 21. Bh4 Ng6
22. Be1 b6 23. Bd2 Rac8 24. Rfc1 Nh8 25. Bc4 Nf7 26. Bxd5 exd5 27. Rc6 Rxc6 28.
bxc6 Qe6 29. c7 Nd6 30. Qc6 Kf7 31. Qxb6 Nc4 32. Qa7 Rc8 33. Bxa5 Nxa5 34. Qxa5
Qc6 35. h3 Rxc7 36. Rb1 Rc8 37. Qa7+ Rc7 38. Qb8 Rc8 39. Rb7+ Kg8 40. Qa7 Qg6
41. Rb8 Qe8 42. Rxc8 Qxc8 43. Qc5 Qb7 44. a4 g6 45. Qb5 Qc8 46. Qxd5+ Kg7 47.
Qe5+ Kh6 48. Qc5 Qb8 49. d5 Qb1+ 50. Kh2 Kh5 51. d6 Qd1 52. Qd4 1-0

[Event "Isle of Man Open"]
[Site "Douglas"]
[Date "28.10.2018"]
[Round "9.57"]
[White "Kulkarni, Rakesh"]
[Black "Tarjan, James"]
[Result "1-0"]
[BlackTitle "GM"]
[WhiteElo "2297"]
[BlackElo "2404"]
[WhiteFideId "5037077"]
[BlackFideId "2000180"]
[EventDate "2018.10.20"]

1. d4 g6 2. e4 Bg7 3. Be3 d6 4. Nc3 a6 5. a4 Nf6 6. f3 O-O 7. Qd2 Nc6 8. g4 e5
9. Nge2 d5 10. g5 Nh5 11. Nxd5 Nxd4 12. Nxd4 exd4 13. Bxd4 Bxd4 14. Qxd4 Qxg5
15. Nxc7 Rd8 16. Rg1 Qh4+ 17. Qf2 Qf6 18. c3 Rb8 19. Nd5 Qe5 20. O-O-O Be6 21.
f4 Qg7 22. Bc4 Bxd5 23. Bxd5 Qf6 24. f5 Kg7 25. Rdf1 Rd7 26. Qd2 Qh4 27. fxg6
fxg6 28. Qd4+ Kh6 29. Qe3+ Kg7 30. Rf3 Re8 31. Qd4+ Kh6 32. Qd2+ Kg7 33. Rgf1
Ree7 34. Rf8 g5 35. Qd4+ Kh6 36. Qb6+ 1-0

[Event "Isle of Man Open"]
[Site "Douglas"]
[Date "28.10.2018"]
[Round "9.58"]
[White "Houska, Jovanka"]
[Black "Unuk, Laura"]
[Result "1-0"]
[WhiteTitle "IM"]
[BlackTitle "WIM"]
[WhiteElo "2402"]
[BlackElo "2272"]
[WhiteFideId "405094"]
[BlackFideId "14609215"]
[EventDate "2018.10.20"]

1. d4 e6 2. Bf4 c5 3. c3 Nc6 4. e3 Nf6 5. Nd2 Be7 6. Bd3 b6 7. h3 Bb7 8. Ngf3
cxd4 9. exd4 d6 10. O-O O-O 11. Nc4 Nd5 12. Bh2 Rc8 13. a4 f5 14. Re1 Qd7 15. a5
Rf6 16. axb6 axb6 17. Bf1 Nd8 18. Qb3 Rg6 19. Ncd2 Nc6 20. c4 Nf6 21. Qxb6 Rb8
22. d5 exd5 23. cxd5 Nd8 24. Bb5 Qc8 25. Rac1 Bc6 26. Rxc6 Nxc6 27. Qxc6 Qd8 28.
Nd4 Bf8 29. N2f3 Ne4 30. Bf4 Nc5 31. b4 Ne4 32. Nxf5 Qf6 33. N3d4 Ng5 34. Kh2 h6
35. h4 Nh7 36. Qd7 Qf7 37. Qxf7+ Kxf7 38. Bd7 Rf6 39. Be6+ Kg6 40. g4 h5 41. g5
Rxb4 42. gxf6 Nxf6 43. f3 Kh7 44. Rd1 g6 45. Bxd6 1-0

[Event "Isle of Man Open"]
[Site "Douglas"]
[Date "28.10.2018"]
[Round "9.59"]
[White "Tania, Sachdev"]
[Black "Moksh, Amit Doshi"]
[Result "0-1"]
[WhiteTitle "IM"]
[WhiteElo "2400"]
[BlackElo "2224"]
[WhiteFideId "5007844"]
[BlackFideId "25064967"]
[EventDate "2018.10.20"]

1. d4 Nf6 2. c4 g6 3. Nc3 d5 4. Bg5 Ne4 5. Bh4 Nxc3 6. bxc3 dxc4 7. e3 Be6 8.
Be2 Bg7 9. Nh3 Bxh3 10. gxh3 Nd7 11. Bxc4 Nb6 12. Bb3 Nc8 13. Qf3 Nd6 14. O-O
O-O 15. e4 Rc8 16. Bc2 Qd7 17. e5 Nc4 18. Qxb7 Qxh3 19. Bg3 h5 20. Qg2 Qxg2+ 21.
Kxg2 c5 22. Bb3 cxd4 23. cxd4 Bh6 24. Rfd1 Rfd8 25. Rd3 e6 26. Rb1 Nd2 27. Rb2
Ne4 28. Rc2 Rxc2 29. Bxc2 Rc8 30. Bb3 Rd8 31. Bc2 Rc8 32. Ba4 Nc3 33. Bb3 a5 34.
Kf3 a4 35. Bc2 Rc4 36. Bd1 Nxa2 37. Ra3 Rc3+ 38. Rxc3 Nxc3 0-1

[Event "Isle of Man Open"]
[Site "Douglas"]
[Date "28.10.2018"]
[Round "9.60"]
[White "Ragnarsson, Dagur"]
[Black "Rahul, Srivatshav P"]
[Result "1/2-1/2"]
[WhiteTitle "FM"]
[BlackTitle "IM"]
[WhiteElo "2251"]
[BlackElo "2395"]
[WhiteFideId "2304058"]
[BlackFideId "25059653"]
[EventDate "2018.10.20"]

1. e4 c5 2. Nf3 e6 3. d4 cxd4 4. Nxd4 Nc6 5. Nc3 Qc7 6. Ndb5 Qb8 7. g3 a6 8. Nd4
Nge7 9. Bg2 Nxd4 10. Qxd4 Nc6 11. Qb6 Bd6 12. f4 Bc7 13. Qf2 d6 14. Be3 b5 15.
e5 d5 16. Bc5 Bd8 17. O-O-O Be7 18. Nxd5 exd5 19. Bxd5 Bb7 20. Qf3 Qc7 21. Bd6
Qb6 22. Rhe1 Rd8 23. f5 Nd4 24. Rxd4 Qxd4 25. Bxb7 Bxd6 26. exd6+ Kf8 27. Rd1
Qb6 28. d7 h5 29. Qa3+ b4 30. Qxa6 Rh6 31. Qxb6 Rxb6 32. Bc8 Rb5 33. Rf1 Ke7 34.
b3 Rh8 35. Re1+ Kd8 36. Kb2 Rd5 37. Re2 Rh6 38. a3 bxa3+ 39. Kxa3 Rhd6 40. Re8+
Kc7 41. Rg8 Rd2 42. c4 g6 43. fxg6 fxg6 44. h3 R2d3 45. g4 Rxh3 46. gxh5 Rxh5
47. Ka4 Rh4 48. Kb5 Rh5+ 49. Ka4 Rh4 50. Kb5 Rh5+ 51. c5 Rd4 52. b4 Rhh4 53. Ka5
Rh1 54. Ba6 Rc1 55. Bb5 Ra1+ 56. Ba4 Rxd7 57. b5 Rd5 58. Rg7+ Kc8 59. c6 g5 60.
Rg8+ Kc7 61. Rg7+ Kc8 62. Rg8+ Kc7 63. Kb4 Rb1+ 64. Kc4 Rf5 65. b6+ Rxb6 66.
Rg7+ Kc8 67. Rg8+ 1/2-1/2

[Event "Isle of Man Open"]
[Site "Douglas"]
[Date "28.10.2018"]
[Round "9.61"]
[White "Bopp, Thomas"]
[Black "Trent, Lawrence"]
[Result "0-1"]
[BlackTitle "IM"]
[WhiteElo "2160"]
[BlackElo "2391"]
[WhiteFideId "4656113"]
[BlackFideId "408638"]
[EventDate "2018.10.20"]

1. d4 g6 2. e4 Nf6 3. Nc3 d5 4. e5 Ne4 5. Be3 Nxc3 6. bxc3 c5 7. Bb5+ Nc6 8. Ne2
Bg7 9. O-O O-O 10. Bxc6 bxc6 11. Ng3 Qa5 12. Bd2 Qa4 13. Bg5 f6 14. exf6 exf6
15. Bf4 Re8 16. Qd2 Ba6 17. Rfe1 cxd4 18. cxd4 Qa3 19. c3 Kf7 20. h4 Rxe1+ 21.
Rxe1 Re8 22. Rb1 Bf8 23. Rb8 Bc4 24. Rb7+ Re7 25. Qb2 Qxb2 26. Rxb2 Re1+ 27. Kh2
Ba3 28. Rb8 Re8 29. Rb7+ Re7 30. Rb8 Bxa2 31. Bh6 Bd6 32. Rf8+ Ke6 33. f4 Bc4
34. Kh3 c5 35. Kg4 cxd4 36. f5+ gxf5+ 37. Nxf5 Be2+ 0-1

[Event "Isle of Man Open"]
[Site "Douglas"]
[Date "28.10.2018"]
[Round "9.62"]
[White "Zhukova, Natalia"]
[Black "Allen, Keith"]
[Result "1-0"]
[WhiteTitle "GM"]
[WhiteElo "2403"]
[BlackElo "2216"]
[WhiteFideId "14101513"]
[BlackFideId "2501147"]
[EventDate "2018.10.20"]

1. c4 e6 2. Nc3 d5 3. d4 Nf6 4. Bf4 c5 5. e3 cxd4 6. exd4 Be7 7. c5 O-O 8. Nf3
Nc6 9. Bb5 Ne4 10. O-O Nxc3 11. bxc3 Bd7 12. Rb1 Re8 13. Qc2 h6 14. Rfe1 Bf8 15.
Re3 b6 16. Bxc6 Bxc6 17. Ne5 Rc8 18. cxb6 axb6 19. Rg3 g5 20. h4 1-0

[Event "Isle of Man Open"]
[Site "Douglas"]
[Date "28.10.2018"]
[Round "9.63"]
[White "L'Ami, Alina"]
[Black "Wallace, John Paul"]
[Result "0-1"]
[WhiteTitle "IM"]
[BlackTitle "IM"]
[WhiteElo "2296"]
[BlackElo "2377"]
[WhiteFideId "1210246"]
[BlackFideId "3200957"]
[EventDate "2018.10.20"]

1. d4 Nf6 2. c4 g6 3. Nc3 Bg7 4. e4 d6 5. h3 O-O 6. Bg5 Nbd7 7. Bd3 c5 8. d5 e6
9. Nf3 exd5 10. cxd5 a6 11. a4 Re8 12. O-O Ne5 13. Nxe5 Rxe5 14. f4 Rxg5 15.
fxg5 Nd7 16. Qd2 Ne5 17. Be2 Bd7 18. a5 h6 19. gxh6 Bf6 20. Na4 Bg5 21. Qc2 Qxa5
22. Qb3 b5 23. Qg3 Bxh6 24. Nxc5 Qb6 25. b4 dxc5 26. Qxe5 cxb4+ 27. Kh1 Re8 28.
Rf6 Qd8 29. Qd6 Bg7 30. Raf1 Bxf6 31. Rxf6 Qe7 32. Qxa6 Qxe4 33. Bxb5 Bxh3 34.
Rf3 Bg4 35. Bxe8 Bxf3 36. gxf3 Qxf3+ 37. Kh2 Qf2+ 38. Kh1 Qf3+ 39. Kh2 Qf2+ 40.
Kh1 Qe1+ 41. Kh2 Qxe8 42. Qb7 Qe5+ 43. Kg2 Qb2+ 44. Kg3 b3 45. d6 Qe5+ 46. Kg2
Qe2+ 47. Kg3 Qd3+ 48. Kg2 Qd2+ 49. Kf3 Qxd6 50. Qxb3 Qd4 51. Kg2 Kg7 52. Qb7 g5
53. Qb5 Qg4+ 54. Kh1 Qh4+ 55. Kg1 Qg4+ 56. Kh1 f6 57. Qb7+ Kg6 58. Qb5 Qe4+ 59.
Kg1 Qe1+ 60. Kg2 Qe4+ 61. Kg1 g4 62. Qb8 Kg5 63. Qg8+ Kf4 64. Qf7 Qe1+ 65. Kg2
Qd2+ 66. Kg1 Qc1+ 67. Kg2 Qc2+ 68. Kg1 Kg3 0-1

[Event "Isle of Man Open"]
[Site "Douglas"]
[Date "28.10.2018"]
[Round "9.64"]
[White "Wu, Li"]
[Black "Leutwyler, Martin"]
[Result "1-0"]
[WhiteElo "2335"]
[BlackElo "2142"]
[WhiteFideId "411086"]
[BlackFideId "1301969"]
[EventDate "2018.10.20"]

1. Nf3 d5 2. g3 c6 3. Bg2 Bg4 4. O-O Nd7 5. d3 Ngf6 6. Nbd2 e5 7. h3 Bh5 8. e4
dxe4 9. dxe4 Bc5 10. Qe1 O-O 11. Nc4 Re8 12. Nh4 a5 13. Nf5 Qc7 14. Bd2 a4 15.
g4 Bg6 16. b4 axb3 17. axb3 b5 18. Nb2 Rxa1 19. Qxa1 Bb6 20. Nd3 Nc5 21. Nxc5
Bxc5 22. Qc3 Nd7 23. Be3 Bxe3 24. fxe3 c5 25. Rd1 b4 26. Qd2 Nf8 27. Bf1 Ne6 28.
Bc4 Rd8 29. Bd5 h5 30. Qe2 hxg4 31. Qxg4 Nf8 32. Rd2 Bxf5 33. exf5 Qe7 34. f6
Qxf6 35. Bxf7+ Kh8 36. Qh5+ Nh7 37. Bg6 1-0

[Event "Isle of Man Open"]
[Site "Douglas"]
[Date "28.10.2018"]
[Round "9.65"]
[White "Stefansson, Vignir Vatnar"]
[Black "Bellin, Robert"]
[Result "1/2-1/2"]
[WhiteTitle "FM"]
[BlackTitle "IM"]
[WhiteElo "2291"]
[BlackElo "2326"]
[WhiteFideId "2308649"]
[BlackFideId "400343"]
[EventDate "2018.10.20"]

1. d4 Nf6 2. Bg5 c5 3. Nc3 d5 4. Bxf6 gxf6 5. e3 Nc6 6. g3 e6 7. Bg2 cxd4 8.
exd4 Qb6 9. Nge2 Bd7 10. O-O O-O-O 11. b3 Na5 12. Nf4 Kb8 13. Nce2 Rc8 14. Rb1
Qa6 15. c4 dxc4 16. b4 c3 17. Nxc3 Nc4 18. Ne4 Ba4 19. Qe2 Na3 20. Qxa6 bxa6 21.
Nc5 Bb5 22. Rb3 Nc4 23. Rc1 Nb6 24. Rbb1 Bh6 25. Rd1 Bxf4 26. gxf4 Rcg8 27. Kh1
Rg4 28. Rb3 Rxf4 29. Rf3 Rxf3 30. Bxf3 Rd8 1/2-1/2

[Event "Isle of Man Open"]
[Site "Douglas"]
[Date "28.10.2018"]
[Round "9.66"]
[White "Demeter, Dorina"]
[Black "Kolbus, Dietmar"]
[Result "0-1"]
[WhiteTitle "WFM"]
[BlackTitle "IM"]
[WhiteElo "2064"]
[BlackElo "2313"]
[WhiteFideId "778079"]
[BlackFideId "4610628"]
[EventDate "2018.10.20"]

1. d4 Nf6 2. c4 e6 3. Nc3 Bb4 4. e3 Bxc3+ 5. bxc3 d6 6. f3 Nbd7 7. Bd3 e5 8. Ne2
c5 9. O-O Qe7 10. Ng3 g6 11. Qc2 b6 12. a4 a5 13. d5 h5 14. Nh1 e4 15. fxe4 Ne5
16. Nf2 Ba6 17. Qe2 O-O 18. Bd2 Nfd7 19. Nh3 Nxd3 20. Qxd3 Ne5 21. Qc2 Bxc4 22.
Rf4 f6 23. Nf2 g5 24. Rf5 h4 25. Qd1 Ba6 26. Qh5 Qh7 27. Qxh7+ Kxh7 28. Nh3 Kg6
29. Rb1 Rab8 30. Rb3 Nc4 31. Bc1 Bc8 32. Rf3 Bd7 33. Rb1 Bxa4 34. Ra1 Bc2 35.
Nf2 Rbe8 36. Ra2 Bxe4 37. Nxe4 Rxe4 38. Raf2 Re5 39. g3 hxg3 40. Rxg3 Rxd5 41.
Kg2 Rf5 42. e4 Rxf2+ 43. Kxf2 Rh8 44. h3 Rh4 45. Kf3 a4 46. Ke2 Rxe4+ 47. Kd3 d5
48. Kc2 Kf5 49. Rf3+ Ke6 50. Rg3 Re2+ 51. Kd1 Rh2 52. Rf3 a3 0-1

[Event "Isle of Man Open"]
[Site "Douglas"]
[Date "28.10.2018"]
[Round "9.67"]
[White "Paterek, Michal"]
[Black "Byron, Alan M"]
[Result "1-0"]
[WhiteTitle "FM"]
[WhiteElo "2311"]
[BlackElo "2136"]
[WhiteFideId "1116142"]
[BlackFideId "401773"]
[EventDate "2018.10.20"]

1. d4 Nf6 2. c4 g6 3. Nc3 Bg7 4. e4 d6 5. Nf3 O-O 6. Be2 e5 7. Be3 Ng4 8. Bg5 f6
9. Bh4 Qe8 10. h3 Nh6 11. dxe5 dxe5 12. c5 c6 13. O-O Be6 14. Qc2 Rf7 15. b4 Rd7
16. Rab1 Nf7 17. Nd2 Bh6 18. Rfd1 Bxd2 19. Rxd2 Rxd2 20. Qxd2 Nd7 21. f3 Rd8 22.
Qc1 Qe7 23. Bf2 Nf8 24. b5 Bc8 25. Qa3 a6 26. bxc6 bxc6 27. Rb6 Bd7 28. Bxa6 Ne6
29. Qb4 Nf4 30. Rb8 f5 31. h4 g5 32. Ne2 fxe4 33. Rxd8+ Qxd8 34. Qxe4 Qa5 35.
Bc4 Qd2 36. Bxf7+ Kxf7 37. Qxh7+ Ke6 38. Qg8+ 1-0

[Event "Isle of Man Open"]
[Site "Douglas"]
[Date "28.10.2018"]
[Round "9.68"]
[White "Lubbe, Melanie"]
[Black "Janzelj, Lara"]
[Result "1-0"]
[WhiteTitle "WGM"]
[BlackTitle "WFM"]
[WhiteElo "2359"]
[BlackElo "2244"]
[WhiteFideId "4690745"]
[BlackFideId "14608391"]
[EventDate "2018.10.20"]

1. e4 e5 2. Nf3 Nc6 3. Bc4 Nf6 4. d3 h6 5. O-O d6 6. Re1 g5 7. c3 Bg7 8. a4 O-O
9. b4 Ne7 10. Nbd2 Ng6 11. Nf1 c6 12. h3 Nf4 13. Ba2 Kh8 14. d4 Qe7 15. Ng3 Rg8
16. Be3 g4 17. hxg4 Bxg4 18. Bxf4 exf4 19. Nf5 Qd7 20. N5h4 Nh5 21. e5 Bf8 22.
Qd3 Bh3 23. Bb1 Rg7 24. Kf1 Be7 25. gxh3 Qxh3+ 26. Ke2 Bxh4 27. Nxh4 Qxh4 28.
Qf3 Ng3+ 29. Kd2 dxe5 30. fxg3 Rxg3 31. Qe4 Rg7 32. dxe5 Qg3 33. Bd3 f3 34. Kc2
f2 35. Rh1 Rg6 36. e6 Rg7 37. e7 Re8 38. Rxh6+ Kg8 39. Rah1 1-0

[Event "Isle of Man Open"]
[Site "Douglas"]
[Date "28.10.2018"]
[Round "9.69"]
[White "Mortazavi, Ali"]
[Black "Grant, Jonathan I M"]
[Result "1-0"]
[WhiteTitle "IM"]
[WhiteElo "2353"]
[BlackElo "2203"]
[WhiteFideId "401323"]
[BlackFideId "2400294"]
[EventDate "2018.10.20"]

1. Nf3 Nf6 2. g3 d5 3. Bg2 Bf5 4. O-O c6 5. d3 e6 6. b3 Nbd7 7. Bb2 Bd6 8. c4
Qe7 9. Nc3 Ba3 10. Bxa3 Qxa3 11. cxd5 Nxd5 12. Nb1 Qb2 13. Nbd2 Nc3 14. Qe1 Nb6
15. Ne5 O-O 16. g4 Bg6 17. h4 h5 18. Nxg6 fxg6 19. Bf3 hxg4 20. Bxg4 Rf4 21. f3
Nxa2 22. e3 Rxg4+ 23. fxg4 Nb4 24. Qf2 Nxd3 25. Qf7+ Kh8 26. Ne4 Qe2 27. Qf8+
Kh7 28. Ng5+ Kh6 29. Qf3 Qxf3 30. Rxf3 Ne5 31. Rf4 Nbd7 32. Nxe6 a6 33. Rd1 Re8
34. Rd6 Kh7 35. g5 Kg8 36. Kg2 Re7 37. Kg3 Nf7 38. Rd1 Nb6 39. Nd8 Ne5 40. e4
Nbd7 41. Nxb7 Nf6 42. Rd8+ Kh7 43. gxf6 Rxb7 44. Kg2 gxf6 45. Rxf6 g5 46. hxg5
Rxb3 47. Re6 Rb5 48. Ra8 Kg7 49. Ra7+ Kf8 50. g6 Rb2+ 51. Kf1 Rb1+ 52. Ke2 Rb2+
53. Kd1 1-0

[Event "Isle of Man Open"]
[Site "Douglas"]
[Date "28.10.2018"]
[Round "9.70"]
[White "Bellon Lopez, Juan Manuel"]
[Black "House, Glenn L"]
[Result "1-0"]
[WhiteTitle "GM"]
[BlackTitle "FM"]
[WhiteElo "2342"]
[BlackElo "2180"]
[WhiteFideId "2200031"]
[BlackFideId "406228"]
[EventDate "2018.10.20"]

1. d4 Nf6 2. Bg5 g6 3. Bxf6 exf6 4. e3 d5 5. c4 dxc4 6. Bxc4 Bd6 7. h4 h5 8. Qc2
Qe7 9. Nc3 c6 10. Rc1 Nd7 11. Bd3 f5 12. Nf3 Nf6 13. O-O O-O 14. g3 Be6 15. Ng5
Bd5 16. Rfe1 Rae8 17. Nxd5 cxd5 18. Qb3 Rd8 19. Kg2 Kg7 20. Re2 Rc8 21. Rc3 Rfe8
22. Nh3 Bb8 23. Nf4 Rxc3 24. bxc3 Rd8 25. f3 Rd6 26. a4 Rb6 27. Qa2 Bxf4 28.
exf4 Qc7 29. c4 dxc4 30. Bxc4 Rc6 31. Bb3 Rd6 32. d5 Qd8 33. Qb2 Qb6 34. Qc3 Kg8
35. Re7 Nxd5 36. Re8+ 1-0

[Event "Isle of Man Open"]
[Site "Douglas"]
[Date "28.10.2018"]
[Round "9.71"]
[White "Sahl, Bjarke"]
[Black "Burrows, Martin P"]
[Result "1-0"]
[WhiteTitle "IM"]
[WhiteElo "2322"]
[BlackElo "2121"]
[WhiteFideId "1400231"]
[BlackFideId "409057"]
[EventDate "2018.10.20"]

1. e4 e6 2. d4 d5 3. Nc3 Bb4 4. e5 c5 5. a3 Bxc3+ 6. bxc3 Ne7 7. Nf3 Qa5 8. Bd2
Nbc6 9. Bd3 c4 10. Be2 Bd7 11. g3 f6 12. exf6 gxf6 13. Nh4 O-O-O 14. O-O Kb8 15.
Bh5 Ka8 16. Qf3 e5 17. Rfd1 f5 18. dxe5 Nxe5 19. Qe3 N7g6 20. Ng2 Rhe8 21. Qd4
Ba4 22. Rac1 Qa6 23. Bg5 Rd7 24. Re1 h6 25. Bd2 Rde7 26. Be3 Rd8 27. Nf4 Nc6 28.
Qd2 Nxf4 29. Bxf4 d4 30. Rxe7 Nxe7 31. Re1 Ng6 32. Bxh6 d3 33. cxd3 cxd3 34. Qg5
Rg8 35. Qxf5 Qd6 36. Qf3 Rd8 37. Bd2 Ne5 38. Qf4 Qxa3 39. Qxe5 Qa2 40. Qe3 Bc6
41. Bg6 1-0

[Event "Isle of Man Open"]
[Site "Douglas"]
[Date "28.10.2018"]
[Round "9.72"]
[White "Enkhtuul, Altan-Ulzii"]
[Black "Dahl, Baard"]
[Result "1-0"]
[WhiteTitle "WGM"]
[WhiteElo "2295"]
[BlackElo "2113"]
[WhiteFideId "4901444"]
[BlackFideId "444251"]
[EventDate "2018.10.20"]

1. d4 Nf6 2. Nf3 g6 3. g3 Bg7 4. Bg2 d5 5. O-O O-O 6. c3 Ne4 7. Ng5 Nf6 8. Nd2
c6 9. Re1 e5 10. dxe5 Ng4 11. Ndf3 Qb6 12. Nd4 Nxe5 13. a4 a5 14. Qc2 Nbd7 15.
e4 h6 16. Ngf3 Re8 17. exd5 c5 18. Kh1 Qd8 19. Ne6 fxe6 20. Nxe5 Nxe5 21. Rxe5
Kh7 22. Re1 exd5 23. Bf4 Rxe1+ 24. Rxe1 Bf5 25. Qb3 g5 26. Bd2 Qd7 27. Bxd5 Rd8
28. c4 Bd4 29. f3 Qc7 30. Bc3 Bxc3 31. Qxc3 Bg6 32. Qf6 Rd7 33. Bg8+ Kxg8 34.
Qxg6+ 1-0

[Event "Isle of Man Open"]
[Site "Douglas"]
[Date "28.10.2018"]
[Round "9.73"]
[White "Shaw, Peter"]
[Black "Dushyant, Sharma"]
[Result "0-1"]
[BlackTitle "FM"]
[WhiteElo "2096"]
[BlackElo "2289"]
[WhiteFideId "411361"]
[BlackFideId "25065130"]
[EventDate "2018.10.20"]

1. d4 Nf6 2. c4 e6 3. Nf3 d5 4. Nc3 Bb4 5. Qa4+ Nc6 6. e3 O-O 7. Qc2 dxc4 8.
Bxc4 a6 9. O-O Bd6 10. Rd1 Bd7 11. e4 e5 12. dxe5 Nxe5 13. Nxe5 Bxe5 14. h3 b5
15. Be2 Bxc3 16. bxc3 Qe7 17. Be3 Bc6 18. f3 Rfe8 19. Bf2 Nh5 20. Bf1 Qg5 21.
Qd2 Qg6 22. Rab1 h6 23. c4 Rab8 24. Kh2 Qf6 25. Qa5 Bxe4 26. fxe4 Qxf2 27. Qxc7
Rbc8 28. Qd7 Qf4+ 29. Kg1 Qe3+ 30. Kh2 Qf4+ 31. Kg1 Nf6 32. Qa7 bxc4 33. Rb7
Nxe4 34. Qd4 c3 35. Bc4 c2 36. Rxf7 cxd1=Q+ 37. Qxd1 Qe3+ 0-1

[Event "Isle of Man Open"]
[Site "Douglas"]
[Date "28.10.2018"]
[Round "9.74"]
[White "Bianco, Valerio"]
[Black "Wall, Tim P"]
[Result "0-1"]
[BlackTitle "FM"]
[WhiteElo "2008"]
[BlackElo "2253"]
[WhiteFideId "800600"]
[BlackFideId "401641"]
[EventDate "2018.10.20"]

1. e4 e5 2. Nf3 Nf6 3. Nxe5 d6 4. Nf3 Nxe4 5. Qe2 Qe7 6. d3 Nf6 7. Bg5 Qxe2+ 8.
Bxe2 Be7 9. Nc3 c6 10. O-O-O Na6 11. Ne4 Nxe4 12. dxe4 Nc5 13. Bxe7 Kxe7 14. Nd2
Be6 15. Bc4 Rad8 16. Rhe1 h5 17. h4 Rh6 18. Re3 Rf6 19. Bxe6 fxe6 20. Nf3 e5 21.
Kd2 Rdf8 22. c3 Rf4 23. Rde1 Rg4 24. b4 Na4 25. Rg1 Nb2 26. Ree1 b5 27. Kc2 Nc4
28. Kd3 Rff4 29. Nh2 Rxf2 30. Nf3 Rgxg2 0-1

[Event "Isle of Man Open"]
[Site "Douglas"]
[Date "28.10.2018"]
[Round "9.75"]
[White "Chennaoui, Yasin"]
[Black "Laustsen, Lars"]
[Result "1-0"]
[WhiteElo "2050"]
[BlackElo "2236"]
[WhiteFideId "1330667"]
[BlackFideId "1407554"]
[EventDate "2018.10.20"]

1. d4 d5 2. Nc3 Nf6 3. Bf4 c5 4. e3 cxd4 5. exd4 a6 6. Nf3 Nc6 7. Ne5 Bf5 8. Bd3
Nxd4 9. Bxf5 Nxf5 10. g4 Nh4 11. Bg3 Ng6 12. g5 Nxe5 13. Bxe5 Nd7 14. Qxd5 e6
15. Qe4 Qxg5 16. Bf4 Qc5 17. Qxb7 Ra7 18. Qe4 Qb4 19. O-O-O Rb7 20. Qxb4 Bxb4
21. Ne4 O-O 22. Rhg1 Kh8 23. c3 Be7 24. Bd6 Nb8 25. Nc5 Ra7 26. Bxe7 Rxe7 27.
Rd6 Ra7 28. Rgd1 Kg8 29. R1d4 g6 30. Kc2 Kg7 31. Ra4 Rc8 32. Nxa6 Rxa6 33. Raxa6
Nxa6 34. Rxa6 Rc5 35. Rd6 Rh5 36. b4 Rxh2 37. Rd2 Rh5 38. a4 Kf6 39. Kb3 Ke7 40.
a5 Rd5 41. Rxd5 1-0

[Event "Isle of Man Open"]
[Site "Douglas"]
[Date "28.10.2018"]
[Round "9.76"]
[White "Vidic, Teja"]
[Black "Jonsson, Gauti Pall"]
[Result "1-0"]
[WhiteTitle "WFM"]
[WhiteElo "2116"]
[BlackElo "2073"]
[WhiteFideId "14605511"]
[BlackFideId "2309092"]
[EventDate "2018.10.20"]

1. e4 e6 2. d4 d5 3. Nd2 Nf6 4. e5 Nfd7 5. Bd3 c5 6. c3 Nc6 7. Ne2 cxd4 8. cxd4
f6 9. exf6 Nxf6 10. O-O Bd6 11. Nf3 Qc7 12. Bg5 O-O 13. Rc1 h6 14. Bd2 Bd7 15.
Ng3 Rad8 16. Re1 Qb8 17. Bc3 Ng4 18. Bb1 Ne7 19. Qd3 Nf5 20. Ne5 Bxe5 21. dxe5
d4 22. Nxf5 Rxf5 23. Qxd4 Rg5 24. h4 Bc6 25. Qc4 Bd5 26. Qe2 Nxe5 27. hxg5 Nf3+
28. gxf3 Qf4 29. Qe5 1-0